| 000 | 00383nam a22001457a 4500 | ||
|---|---|---|---|
| 020 | _a9789381226131 | ||
| 082 |
_a372.6. _bKUM/MA |
||
| 100 |
_aKumar, Dileep _91120 |
||
| 100 |
_aKadian, K.S _91121 |
||
| 100 |
_aGarhwal, O.P. _91122 |
||
| 245 | _aMass Communication in Agricultural Extention | ||
| 260 |
_aDelhi _bSatish Serial Publishing House _c2012 |
||
| 300 | _a290 | ||
| 942 | _cBK | ||
| 999 |
_c14641 _d14641 |
||